[Event "Outaouais-ch"]
[Site "Gatineau"]
[Date "2018.05.22"]
[Round "7"]
[White "Bilodeau, Victor"]
[Black "Desjardins, Michel"]
[Result "0-1"]
[WhiteElo "1729"]
[BlackElo "1931"]
[PlyCount "62"]
[EventDate "2018.04.03"]
[EventType "tourn"]
[EventRounds "7"]
[EventCountry "CAN"]
[SourceTitle "EXT 2022"]
[Source "ChessBase"]
[SourceDate "2021.10.06"]
[SourceVersion "1"]
[SourceVersionDate "2021.10.06"]
[SourceQuality "1"]

1. e4 d5 2. e5 c5 3. f4 Nh6 4. c3 Bf5 5. Nf3 e6 6. Bb5+ Nc6 7. 0-0 Qb6 8. Bxc6+ bxc6 9. d3 Be7 10. h3 0-0 11. Kh2 Qa6 12. Ne1 c4 13. d4 Bxb1 14. Rxb1 Qxa2 15. Qc2 Nf5 16. Nf3 g6 17. g4 Ng7 18. Ng5 Rfb8 19. f5 exf5 20. gxf5 Bxg5 21. Bxg5 Rb7 22. Bh6 Rab8 23. Bc1 a5 24. Rf2 a4 25. fxg6 fxg6 26. Kg1 a3 27. b4 cxb3 28. Qxa2 bxa2 29. Rxb7 Rxb7 30. Rxa2 Rb1 31. Rc2 a2 0-1

[Event "Gatineau Special Hiver Rotation-1"]
[Site "Gatineau"]
[Date "2018.03.06"]
[Round "5"]
[White "Desjardins, Michel"]
[Black "Berthiaume, Serge"]
[Result "1-0"]
[WhiteElo "1936"]
[BlackElo "1454"]
[PlyCount "47"]
[EventDate "2018.02.06"]
[EventType "tourn"]
[EventRounds "5"]
[EventCountry "CAN"]
[SourceTitle "EXT 2022"]
[Source "ChessBase"]
[SourceDate "2021.10.06"]
[SourceVersion "1"]
[SourceVersionDate "2021.10.06"]
[SourceQuality "1"]

1. e4 e5 2. Nc3 Nf6 3. Bc4 Bc5 4. d3 c6 5. f4 d6 6. Nf3 b5 7. Bb3 Nbd7 8. Qe2 0-0 9. Be3 Bxe3 10. Qxe3 Re8 11. fxe5 dxe5 12. Ng5 Re7 13. 0-0 Qb6 14. Nd1 h6 15. Nf3 Nc5 16. a3 Be6 17. Bxe6 Nxe6 18. Rf2 Qxe3 19. Nxe3 Nd4 20. Nxd4 exd4 21. Nf5 Rd7 22. Nxh6+ gxh6 23. Rxf6 Kh7 24. Raf1 1-0

[Event "Gatineau Special Hiver Rotation-1"]
[Site "Gatineau"]
[Date "2018.02.06"]
[Round "1"]
[White "Jobin, Gilles G"]
[Black "Desjardins, Michel"]
[Result "0-1"]
[WhiteElo "1823"]
[BlackElo "1936"]
[PlyCount "54"]
[EventDate "2018.02.06"]
[EventType "tourn"]
[EventRounds "5"]
[EventCountry "CAN"]
[SourceTitle "EXT 2022"]
[Source "ChessBase"]
[SourceDate "2021.10.06"]
[SourceVersion "1"]
[SourceVersionDate "2021.10.06"]
[SourceQuality "1"]

1. e4 d5 2. exd5 Qxd5 3. Nc3 Qd6 4. d4 Nf6 5. f3 Nc6 6. Nge2 Bf5 7. Bf4 Qd7 8. g4 Bg6 9. h4 h6 10. Nb5 Nd5 11. c3 Nxf4 12. Nxf4 Bh7 13. Bd3 Bxd3 14. Qxd3 a6 15. Na3 0-0-0 16. Qe3 e5 17. dxe5 Nxe5 18. 0-0 Nc6 19. Qe2 Bc5+ 20. Kg2 Rhe8 21. Qd1 Qd2+ 22. Qxd2 Rxd2+ 23. Kh3 Bd6 24. Ng2 Ree2 25. Rg1 Ne5 26. Nf4 Rh2+ 27. Kg3 Nd3 0-1

[Event "Gatineau Pere Noel CEH-A"]
[Site "Gatineau"]
[Date "2018.01.23"]
[Round "6"]
[White "Akrib, Fouad"]
[Black "Desjardins, Michel"]
[Result "1/2-1/2"]
[WhiteElo "1929"]
[BlackElo "1923"]
[PlyCount "97"]
[EventDate "2017.12.05"]
[EventType "swiss"]
[EventRounds "6"]
[EventCountry "CAN"]
[SourceTitle "EXT 2022"]
[Source "ChessBase"]
[SourceDate "2021.10.06"]
[SourceVersion "1"]
[SourceVersionDate "2021.10.06"]
[SourceQuality "1"]

1. e4 d5 2. exd5 Qxd5 3. Nf3 Bg4 4. Be2 Nc6 5. d4 0-0-0 6. c4 Qf5 7. Be3 Bxf3 8. Bxf3 Nxd4 9. Bg4 Nc2+ 10. Qxc2 Qxg4 11. 0-0 Qg6 12. Qa4 Qa6 13. Qb3 Nf6 14. h3 e6 15. Nc3 c6 16. a4 Nd7 17. Ne4 Ne5 18. Rfc1 Qa5 19. c5 Be7 20. Qc2 Qb4 21. a5 a6 22. Bd2 Qb5 23. Ra3 f5 24. Rb3 Qe2 25. Re3 Qb5 26. Ng3 Rxd2 27. Qxd2 Bg5 28. Qd6 Bxe3 29. Qxe6+ Nd7 30. Qxe3 g6 31. Qd4 Rd8 32. b4 Nf8 33. Qb2 Qd3 34. Nf1 f4 35. Re1 Qd4 36. Qb1 Qd3 37. Qc1 g5 38. Nh2 Ng6 39. Nf3 Rd5 40. Qb2 Qf5 41. Qg7 Qd7 42. Qg8+ Kc7 43. Re8 Ne7 44. Qh8 Ng6 45. Qg8 Ne7 46. Qh8 Ng6 47. Qg8 Ne7 48. Qf7 Ng6 49. Qg8 1/2-1/2

[Event "Outouais-ch"]
[Site "Gatineau"]
[Date "2017.05.30"]
[Round "7"]
[White "Jobin, Gilles G"]
[Black "Desjardins, Michel"]
[Result "0-1"]
[WhiteElo "1861"]
[BlackElo "1923"]
[PlyCount "52"]
[EventDate "2017.04.18"]
[EventType "tourn"]
[EventRounds "7"]
[EventCountry "CAN"]
[SourceTitle "EXT 2022"]
[Source "ChessBase"]
[SourceDate "2021.10.06"]
[SourceVersion "1"]
[SourceVersionDate "2021.10.06"]
[SourceQuality "1"]

1. d3 e5 2. Nf3 Nc6 3. e4 Nf6 4. Bg5 Be7 5. Be2 h6 6. Bh4 d5 7. exd5 Nxd5 8. Bg3 Bd6 9. Nc3 Nxc3 10. bxc3 0-0 11. Nd2 f5 12. f3 Be6 13. Nb3 a5 14. a4 Qd7 15. Bf2 b6 16. d4 Ne7 17. 0-0 Qc6 18. Bb5 Qxc3 19. Be1 Qe3+ 20. Bf2 Qg5 21. Qe2 e4 22. fxe4 fxe4 23. Be3 Qh4 24. g3 Qh3 25. Bf2 Kh8 26. Qxe4 Bd5 0-1

[Event "Outouais-ch"]
[Site "Gatineau"]
[Date "2017.04.25"]
[Round "2"]
[White "Thibault, Mario"]
[Black "Desjardins, Michel"]
[Result "1/2-1/2"]
[WhiteElo "1740"]
[BlackElo "1923"]
[PlyCount "100"]
[EventDate "2017.04.18"]
[EventType "tourn"]
[EventRounds "7"]
[EventCountry "CAN"]
[SourceTitle "EXT 2022"]
[Source "ChessBase"]
[SourceDate "2021.10.06"]
[SourceVersion "1"]
[SourceVersionDate "2021.10.06"]
[SourceQuality "1"]

1. e4 d5 2. exd5 Qxd5 3. Nc3 Qd6 4. d4 Nf6 5. Nf3 g6 6. Ne5 Bg7 7. Bc4 0-0 8. Bf4 Nh5 9. Qd2 Nxf4 10. Qxf4 e6 11. 0-0-0 a6 12. Ne4 Qe7 13. h4 b5 14. Be2 Bb7 15. h5 Nc6 16. hxg6 hxg6 17. Qh2 Rfd8 18. Qh7+ Kf8 19. Nxg6+ fxg6 20. Qxg6 Nxd4 21. Bd3 c5 22. Ng5 c4 23. Rh4 cxd3 24. Rdh1 d2+ 25. Kd1 Qc7 26. Rh8+ Bxh8 27. Rxh8+ Ke7 28. Rh7+ Kd6 29. Rxc7 Kxc7 30. Qg7+ Kb6 31. Nf7 Rd7 32. Qe5 Bxg2 33. Ng5 Bf1 34. Qe3 Kc6 35. Qc3+ Kb7 36. Ne4 Rd5 37. Nc5+ Kb6 38. Nd3 Ra7 39. Qc8 Bxd3 40. cxd3 Rc7 41. Qb8+ Kc6 42. Qe8+ Rdd7 43. Kxd2 Kd5 44. Qh5+ e5 45. Qh1+ Kc5 46. Qe4 Rd5 47. a3 Kb6 48. Qxd5 Rc2+ 49. Kd1 Rxb2 50. Qd6+ Nc6 1/2-1/2

[Event "Gatineau Hiver-A"]
[Site "Gatineau"]
[Date "2017.02.14"]
[Round "3"]
[White "Desjardins, Michel"]
[Black "Thibault, Mario"]
[Result "1-0"]
[WhiteElo "1943"]
[BlackElo "1841"]
[PlyCount "59"]
[EventDate "2017.01.31"]
[EventType "swiss"]
[EventRounds "4"]
[EventCountry "CAN"]
[SourceTitle "EXT 2022"]
[Source "ChessBase"]
[SourceDate "2021.10.06"]
[SourceVersion "1"]
[SourceVersionDate "2021.10.06"]
[SourceQuality "1"]

1. e4 c5 2. c3 g6 3. d4 cxd4 4. cxd4 d5 5. exd5 Nf6 6. Bb5+ Nbd7 7. Nc3 Bg7 8. d6 exd6 9. Qe2+ Qe7 10. Qxe7+ Kxe7 11. Bg5 Re8 12. 0-0-0 Kf8 13. Bf4 a6 14. Bxd6+ Kg8 15. Ba4 b5 16. Bb3 Nb6 17. Nf3 Bf5 18. Bc2 Bh6+ 19. Kb1 Bxc2+ 20. Kxc2 Rac8 21. Kb1 Nc4 22. Bg3 Na3+ 23. bxa3 Rxc3 24. d5 Rxa3 25. Be5 Ne4 26. d6 Nxf2 27. d7 Rd8 28. Bf6 Nxh1 29. Bxd8 Nf2 30. Be7 1-0

[Event "Gatineau Pere Noel-A"]
[Site "Gatineau"]
[Date "2017.01.17"]
[Round "4"]
[White "Raymond, Daniel"]
[Black "Desjardins, Michel"]
[Result "1/2-1/2"]
[WhiteElo "1792"]
[BlackElo "1938"]
[PlyCount "62"]
[EventDate "2016.12.06"]
[EventType "swiss"]
[EventRounds "5"]
[EventCountry "CAN"]
[SourceTitle "EXT 2022"]
[Source "ChessBase"]
[SourceDate "2021.10.06"]
[SourceVersion "1"]
[SourceVersionDate "2021.10.06"]
[SourceQuality "1"]

1. e4 d5 2. exd5 Qxd5 3. Nc3 Qd6 4. d4 Nf6 5. Nf3 c6 6. Be2 Bf5 7. a4 h6 8. Ne5 e6 9. Bf4 Qb4 10. Ra3 Bxc2 11. Qxc2 Qxd4 12. Bg3 Bxa3 13. bxa3 0-0 14. 0-0 Qc5 15. Qb3 Nbd7 16. Nxd7 Nxd7 17. Rd1 Rfd8 18. Bc7 b6 19. Bxd8 Rxd8 20. Ne4 Qe5 21. Bf3 Kh7 22. Qc3 Qc7 23. Qc2 f5 24. Ng3 Ne5 25. Rxd8 Qxd8 26. Be2 Qd4 27. Qd1 Qc5 28. Qb3 Qd6 29. Nf1 c5 30. Bc4 Nxc4 31. Qxc4 Qe5 1/2-1/2

[Event "Gatineau Automne-A"]
[Site "Gatineau"]
[Date "2016.11.08"]
[Round "3"]
[White "Desjardins, Michel"]
[Black "Piche, Guy"]
[Result "1-0"]
[WhiteElo "1959"]
[BlackElo "1607"]
[PlyCount "65"]
[EventDate "2016.10.25"]
[EventType "swiss"]
[EventRounds "5"]
[EventCountry "CAN"]
[SourceTitle "EXT 2022"]
[Source "ChessBase"]
[SourceDate "2021.10.06"]
[SourceVersion "1"]
[SourceVersionDate "2021.10.06"]
[SourceQuality "1"]

1. e4 d6 2. d4 Nf6 3. Nc3 Nbd7 4. Nf3 e5 5. Bc4 Be7 6. 0-0 c6 7. a4 0-0 8. a5 h6 9. Qe2 Re8 10. Rd1 Qc7 11. h3 Nf8 12. Nh4 exd4 13. Rxd4 Ne6 14. Rd1 Nf8 15. Qf3 Be6 16. Bxe6 Nxe6 17. Nf5 Bf8 18. Nxh6+ gxh6 19. Qxf6 Bg7 20. Qh4 Kh7 21. Rd3 Nf8 22. Qf4 Re6 23. Qf5+ Ng6 24. f4 Kg8 25. Bd2 Rae8 26. Qh5 R6e7 27. Rf1 Kh7 28. f5 Ne5 29. f6 Nxd3 30. fxg7 Kxg7 31. Bxh6+ Kh7 32. Bg5+ Kg8 33. Bf6 1-0

[Event "Gatineau Rentree-A"]
[Site "Gatineau"]
[Date "2016.09.27"]
[Round "3"]
[White "Bastien, Andre"]
[Black "Desjardins, Michel"]
[Result "1/2-1/2"]
[WhiteElo "1840"]
[BlackElo "1931"]
[PlyCount "71"]
[EventDate "2016.09.13"]
[EventType "swiss"]
[EventRounds "5"]
[EventCountry "CAN"]
[SourceTitle "EXT 2022"]
[Source "ChessBase"]
[SourceDate "2021.10.06"]
[SourceVersion "1"]
[SourceVersionDate "2021.10.06"]
[SourceQuality "1"]

1. d4 d5 2. c4 c6 3. Nc3 Nf6 4. Bg5 Ne4 5. Bh4 Qa5 6. Rc1 Nxc3 7. Rxc3 Qxa2 8. cxd5 Qxd5 9. f3 e6 10. Kf2 Bb4 11. Rd3 0-0 12. e4 Qh5 13. Bg3 c5 14. Bd6 Rd8 15. Be7 Rd7 16. g4 Qh6 17. Bxc5 Nc6 18. Bxb4 Nxb4 19. Rd2 a6 20. h4 Qf4 21. Nh3 Qd6 22. Qb3 Qb6 23. Qe3 Nc6 24. d5 Qd8 25. Nf4 Ne5 26. Rc2 Rc7 27. Qc1 Rxc2+ 28. Qxc2 exd5 29. exd5 Qb6+ 30. Kg3 Qd6 31. Bd3 g6 32. Re1 Bd7 33. Qc3 Re8 34. Qd4 Re7 35. Rc1 Re8 36. Be4 1/2-1/2

[Event "Gatineau Outaouais op"]
[Site "Gatineau"]
[Date "2016.06.04"]
[Round "3"]
[White "Villeneuve, Robert"]
[Black "Desjardins, Michel"]
[Result "0-1"]
[WhiteElo "2005"]
[BlackElo "1959"]
[PlyCount "72"]
[EventDate "2016.06.03"]
[EventType "swiss"]
[EventRounds "5"]
[EventCountry "CAN"]
[SourceTitle "EXT 2022"]
[Source "ChessBase"]
[SourceDate "2021.10.06"]
[SourceVersion "1"]
[SourceVersionDate "2021.10.06"]
[SourceQuality "1"]

1. e4 d5 2. exd5 Qxd5 3. Nf3 Bg4 4. Be2 Nc6 5. d4 0-0-0 6. c4 Qa5+ 7. Bd2 Qa6 8. d5 Bxf3 9. Bxf3 Nd4 10. 0-0 Qxc4 11. Nc3 e5 12. Be3 Nf6 13. Rc1 Bd6 14. Bxd4 Qxd4 15. Qe2 Rhe8 16. Rfd1 Qf4 17. g3 Qg5 18. Nb5 Kb8 19. Qc4 Re7 20. Bg2 h5 21. Rc3 Qg4 22. Qd3 a6 23. Na3 e4 24. Qd2 Bb4 25. h3 Qf5 26. Qc2 Bxc3 27. bxc3 Rxd5 28. Rb1 Red7 29. Nc4 Rb5 30. Re1 Qd5 31. a4 Rc5 32. Ne3 Qd2 33. Qb1 Qxc3 34. g4 hxg4 35. hxg4 Rd2 36. Bxe4 Rb2 0-1

[Event "Outaouais-ch ferme"]
[Site "Gatineau"]
[Date "2016.05.21"]
[Round "7"]
[White "Scantland, Patrick"]
[Black "Desjardins, Michel"]
[Result "0-1"]
[WhiteElo "1788"]
[BlackElo "1909"]
[PlyCount "116"]
[EventDate "2016.04.12"]
[EventType "tourn"]
[EventRounds "7"]
[EventCountry "CAN"]
[SourceTitle "EXT 2022"]
[Source "ChessBase"]
[SourceDate "2021.10.06"]
[SourceVersion "1"]
[SourceVersionDate "2021.10.06"]
[SourceQuality "1"]

1. d4 d5 2. Nf3 Nf6 3. c4 c6 4. Nc3 a6 5. e3 b5 6. cxb5 cxb5 7. Bd3 Bg4 8. h3 Bxf3 9. Qxf3 Nc6 10. Bd2 e6 11. Rc1 Rc8 12. 0-0 Be7 13. a3 0-0 14. b4 Qd7 15. Rc2 Bxb4 16. Nb1 Bxd2 17. Nxd2 Na5 18. Rfc1 Rxc2 19. Rxc2 Rc8 20. Qd1 Rxc2 21. Qxc2 Qc6 22. Qxc6 Nxc6 23. Nb3 Nd7 24. Kf1 g6 25. e4 Kf8 26. e5 Ke7 27. f4 Kd8 28. Ke2 Kc7 29. Kd2 Kb6 30. Kc3 Na5 31. g4 Nc4 32. Bxc4 dxc4 33. Na1 Ka5 34. Nc2 Ka4 35. Kb2 a5 36. Ne3 Nb6 37. f5 b4 38. axb4 axb4 39. d5 c3+ 40. Kb1 exd5 41. e6 fxe6 42. fxe6 Nc8 43. Nxd5 Ka3 44. e7 Nd6 45. Ne3 b3 46. h4 c2+ 47. Nxc2+ bxc2+ 48. Kxc2 Kb4 49. Kd3 Kc5 50. Ke3 Kd5 51. Kf4 Ke6 52. h5 Kxe7 53. hxg6 hxg6 54. Kg5 Kf7 55. Kh6 Kf6 56. Kh7 Kg5 57. Kg7 Ne8+ 58. Kf7 Nf6 0-1

[Event "Gatineau op"]
[Site "Gatineau"]
[Date "2016.03.06"]
[Round "4"]
[White "Doubleday, William G"]
[Black "Desjardins, Michel"]
[Result "1-0"]
[WhiteElo "2114"]
[BlackElo "1910"]
[PlyCount "87"]
[EventDate "2016.03.04"]
[EventType "swiss"]
[EventRounds "5"]
[EventCountry "CAN"]
[SourceTitle "EXT 2022"]
[Source "ChessBase"]
[SourceDate "2021.10.06"]
[SourceVersion "1"]
[SourceVersionDate "2021.10.06"]
[SourceQuality "1"]

1. d4 d5 2. c4 c6 3. e3 Bf5 4. Nc3 Nf6 5. Nf3 e6 6. Qb3 Qc7 7. Bd2 a6 8. Rc1 Bd6 9. Be2 0-0 10. 0-0 Nbd7 11. h3 h6 12. Rfd1 Rac8 13. Be1 Qb8 14. c5 Bc7 15. Na4 e5 16. dxe5 Nxe5 17. Rd4 Nxf3+ 18. Bxf3 Rcd8 19. Rb4 Bc8 20. Nb6 Bxb6 21. Rxb6 Nd7 22. Rb4 Ne5 23. Be2 Qc7 24. Bc3 Qe7 25. Bd4 f5 26. Qc3 Nd7 27. f4 Nf6 28. Bd3 Ne4 29. Bxe4 fxe4 30. Qe1 Qf7 31. Qh4 Qg6 32. Rb3 Rde8 33. Kh1 h5 34. Rg1 Rf7 35. Rc3 Ree7 36. Rc2 Qh6 37. g4 hxg4 38. Qxh6 gxh6 39. hxg4 Rh7 40. Rh2 Kf8 41. Rg3 Bd7 42. f5 Kg8 43. Rgh3 Ref7 44. Kg2 1-0

[Event "Gatineau op"]
[Site "Gatineau"]
[Date "2016.03.04"]
[Round "1"]
[White "Simic, Dusan"]
[Black "Desjardins, Michel"]
[Result "1/2-1/2"]
[WhiteElo "2193"]
[BlackElo "1910"]
[PlyCount "75"]
[EventDate "2016.03.04"]
[EventType "swiss"]
[EventRounds "5"]
[EventCountry "CAN"]
[SourceTitle "EXT 2022"]
[Source "ChessBase"]
[SourceDate "2021.10.06"]
[SourceVersion "1"]
[SourceVersionDate "2021.10.06"]
[SourceQuality "1"]

1. e4 d5 2. exd5 Qxd5 3. Nc3 Qd6 4. d4 Nf6 5. Nf3 c6 6. Be2 Bf5 7. Bg5 Nbd7 8. Qd2 e6 9. 0-0 Qc7 10. Bf4 Bd6 11. Bxd6 Qxd6 12. Rfd1 h6 13. a4 a5 14. Ne1 0-0 15. Bf3 Nb6 16. b3 Rfd8 17. Qe2 Nbd5 18. Nxd5 Nxd5 19. Bxd5 Qxd5 20. c4 Qe4 21. Qxe4 Bxe4 22. f3 Bg6 23. Rd2 Rd7 24. Rad1 Rad8 25. Kf2 c5 26. Ke3 b6 27. g4 Kf8 28. f4 cxd4+ 29. Rxd4 Ke7 30. R1d2 Rxd4 31. Rxd4 Rxd4 32. Kxd4 Kd6 33. Ng2 f6 34. Ne3 e5+ 35. fxe5+ fxe5+ 36. Kc3 Kc5 37. Nd5 Bf7 38. Ne3 1/2-1/2

[Event "Gatineau Nouvel An"]
[Site "Gatineau"]
[Date "2016.01.12"]
[Round "2"]
[White "Desjardins, Michel"]
[Black "Raymond, Daniel"]
[Result "1/2-1/2"]
[WhiteElo "1906"]
[BlackElo "1678"]
[PlyCount "79"]
[EventDate "2016.01.05"]
[EventType "swiss"]
[EventRounds "5"]
[EventCountry "CAN"]
[SourceTitle "EXT 2022"]
[Source "ChessBase"]
[SourceDate "2021.10.06"]
[SourceVersion "1"]
[SourceVersionDate "2021.10.06"]
[SourceQuality "1"]

1. e4 c5 2. c3 e6 3. d4 d5 4. e5 Nc6 5. Nf3 Be7 6. a3 Bd7 7. b4 cxd4 8. cxd4 a6 9. Bd3 Rc8 10. 0-0 Qb6 11. Bc2 Na7 12. Be3 Bb5 13. Re1 Qc7 14. Bb3 Bc4 15. Bxc4 Qxc4 16. Nbd2 Qc2 17. Qxc2 Rxc2 18. Rec1 Rc6 19. Nb3 b6 20. Bd2 Nh6 21. Bxh6 gxh6 22. Rxc6 Nxc6 23. Rc1 Kd7 24. Nbd2 Rc8 25. Kf1 f6 26. exf6 Bxf6 27. Nb3 Rc7 28. Ke1 e5 29. dxe5 Nxe5 30. Rxc7+ Kxc7 31. Nxe5 Bxe5 32. Ke2 Kc6 33. Kd3 Kb5 34. Nd4+ Ka4 35. Nc2 Kb3 36. g3 Bf6 37. f4 h5 38. h3 h6 39. g4 b5 40. f5 1/2-1/2